000 01605nam a2200469 i 4500
001 4715
003 KOSZ 005
005 20190725103310.0
008 970510s1992 pl a f |000 0 pol
015 _aPB 1995/1820
035 _a991000016019705066
035 _a(PL-WaBN)b10016144-48omnis_nlop
035 _ab10016144
035 _a(OCoLC)833959885
035 _a(PL)b0000001001614
035 _a(EXLNZ-48OMNIS_NETWORK)9910351397405606
040 _aWA N
_cWA N
_dKOSZ 005/EG
041 _apol
046 _k1992
080 _a331.101.1
080 _a(02.025.2)
080 _a(075.8)
100 1 _aWieczorek, Stanisław
_c(psycholog)
_eAutor
245 1 0 _aCzłowiek i maszyna :
_bpodstawy projektowania ergonomicznego /
_cStanisław Wieczorek ; Towarzystwo Naukowe Organizacji i Kierownictwa. Oddział w Rzeszowie. Ośrodek Postępu Organizacyjnego.
260 _aRzeszów :
_bTNOiK. O. OPO,
_c1992.
300 _a146 s. :
_b1 fot., rys., wykr. ;
_c24 cm.
336 _2rdacontent
_aTekst
_btxt
337 _2rdamedia
_aBez urządzenia pośredniczącego
_bn
338 _2rdacarrier
_aWolumin
_bnc
380 _aKsiążki
380 _aPublikacje dydaktyczne
385 _mPoziom nauczania
_aSzkoły wyższe
388 1 _a1901-2000
388 1 _a1989-2000
504 _aBibliogr. s. 145-146.
650 7 _aErgonomia
_2DBN
655 7 _aPodręczniki akademickie
_2DBN
658 _aInżynieria i technika
856 _uhttp://koha.tu.koszalin.pl/cgi-bin/koha/opac-detail.pl?biblionumber=4715
_yKatalog online BPK
942 _2UKD
_cKS
999 _c4715
_d4715